[Event "NED-ch (Women)"]
[Site "Amsterdam"]
[Date "2018.07.08"]
[Round "7"]
[White "Ratsma, Rosa"]
[Black "De Mie, Mariska"]
[Result "1-0"]
[WhiteElo "2265"]
[BlackElo "2193"]
[PlyCount "64"]
[EventDate "2018.07.02"]
[EventType "tourn"]
[EventRounds "7"]
[EventCountry "NED"]
[EventCategory "1"]
[SourceTitle "CBM 185 Extra"]
[Source "ChessBase"]
[SourceDate "2018.07.29"]
[SourceVersion "1"]
[SourceVersionDate "2018.07.29"]
[SourceQuality "1"]

1. e4 c5 2. Nf3 e6 3. d4 cxd4 4. Nxd4 a6 5. Bd3 g6 6. 0-0 Bg7 7. Be3 Nf6 8. c4 d6 9. Nc3 0-0 10. Be2 Qc7 11. Rc1 b6 12. Qd2 Bb7 13. f3 Nbd7 14. Rfd1 Rad8 15. b4 Qb8 16. Nb3 Ne8 17. a4 Rc8 18. a5 Ne5 19. Na4 bxa5 20. Nxa5 f5 21. exf5 gxf5 22. c5 d5 23. Nb6 Rc7 24. Bf4 Kh8 25. Qe3 Ng6 26. Nd7 d4 27. Qd2 Qc8 28. Nxf8 Nxf4 29. Qxf4 e5 30. Qg3 f4 31. Qg5 Bf6 32. Qh6 Bg7 1-0

[Event "NED-ch rapid (Women)"]
[Site "Amstelveen"]
[Date "2017.12.02"]
[Round "1"]
[White "Muhren, Bianca"]
[Black "De Mie, Mariska"]
[Result "0-1"]
[WhiteElo "2262"]
[BlackElo "2242"]
[PlyCount "74"]
[EventDate "2017.12.02"]
[EventType "tourn (rapid)"]
[EventRounds "7"]
[EventCountry "NED"]
[EventCategory "1"]
[SourceTitle "CBM 181 Extra"]
[Source "ChessBase"]
[SourceDate "2017.12.12"]
[SourceVersion "1"]
[SourceVersionDate "2017.12.12"]
[SourceQuality "1"]

1. e4 c5 2. Nf3 e6 3. d4 cxd4 4. Nxd4 a6 5. Nc3 b5 6. Bd3 Bb7 7. Qe2 b4 8. Nd1 Bc5 9. Nb3 Be7 10. 0-0 Nc6 11. Bf4 Nf6 12. Rc1 a5 13. c3 e5 14. Bd2 a4 15. Na1 bxc3 16. Bxc3 0-0 17. Nc2 d5 18. exd5 Nxd5 19. Bxe5 Bg5 20. f4 Nxe5 21. Qxe5 Nxf4 22. Rxf4 Bxf4 23. Bxh7+ Kxh7 24. Qxf4 Rc8 25. Nc3 Qb6+ 26. Kh1 Qxb2 27. Nxa4 Qxa2 28. Qf5+ Kg8 29. Nc5 Qa5 30. Nd4 Qd2 31. Rg1 Bxg2+ 32. Rxg2 Qxd4 33. Nd3 Rc3 34. Rg3 Rd8 35. Rf3 Qd5 36. Qxd5 Rxd5 37. Ne1 Rc1 0-1

[Event "Rhein Main op-A 20th"]
[Site "Bad Homburg"]
[Date "2017.06.15"]
[Round "3"]
[White "Bahlo, Jens"]
[Black "De Mie, Mariska"]
[Result "0-1"]
[WhiteElo "2017"]
[BlackElo "2270"]
[PlyCount "108"]
[EventDate "2017.06.14"]
[EventType "swiss"]
[EventRounds "7"]
[EventCountry "GER"]
[SourceTitle "EXT 2018"]
[Source "ChessBase"]
[SourceDate "2017.10.13"]
[SourceVersion "1"]
[SourceVersionDate "2017.10.13"]
[SourceQuality "1"]

1. Nc3 g6 2. h4 d6 3. d4 h6 4. e4 Bg7 5. h5 g5 6. f4 gxf4 7. Bxf4 Nc6 8. Bb5 Bd7 9. Nf3 a6 10. Ba4 b5 11. Bb3 Na5 12. Qd2 Nxb3 13. axb3 Bg4 14. 0-0-0 Nf6 15. Qe1 Nxh5 16. Rxh5 Bxh5 17. Qg3 Kf8 18. e5 Qd7 19. Nd5 Rd8 20. Re1 Qg4 21. exd6 exd6 22. Qh2 Re8 23. Bxd6+ cxd6 24. Qxd6+ Kg8 25. Rxe8+ Kh7 26. Ne3 Qg6 27. Rxh8+ Kxh8 28. Qd8+ Kh7 29. Qd5 Bxf3 30. gxf3 Qe6 31. Qxe6 fxe6 32. d5 Bd4 33. Kd2 Bxe3+ 34. Kxe3 exd5 35. b4 Kg6 36. Kf4 Kf6 37. c3 Ke6 38. Kg4 Ke5 39. f4+ Kf6 40. f5 h5+ 41. Kf4 h4 42. Kg4 h3 43. Kxh3 Kxf5 44. Kg3 Ke4 45. Kf2 Kd3 46. Ke1 d4 47. cxd4 Kxd4 48. Kd2 Kc4 49. Kc2 Kxb4 50. Kc1 a5 51. Kd2 Kb3 52. Kc1 Ka2 53. Kc2 b4 54. Kc1 b3 0-1

[Event "Rhein Main op-A 20th"]
[Site "Bad Homburg"]
[Date "2017.06.14"]
[Round "1"]
[White "Martin, Reiner"]
[Black "De Mie, Mariska"]
[Result "0-1"]
[WhiteElo "2004"]
[BlackElo "2270"]
[PlyCount "64"]
[EventDate "2017.06.14"]
[EventType "swiss"]
[EventRounds "7"]
[EventCountry "GER"]
[SourceTitle "EXT 2018"]
[Source "ChessBase"]
[SourceDate "2017.10.13"]
[SourceVersion "1"]
[SourceVersionDate "2017.10.13"]
[SourceQuality "1"]

1. Nf3 d6 2. d4 g6 3. g3 Bg7 4. Bg2 Nd7 5. c4 c5 6. Nc3 Ngf6 7. 0-0 0-0 8. b3 Rb8 9. Bb2 a6 10. a4 b6 11. Re1 Bb7 12. e4 cxd4 13. Nxd4 Ne8 14. Nd5 Rc8 15. Bh3 Nef6 16. Qe2 Re8 17. Rad1 e6 18. Nxf6+ Bxf6 19. Nf3 Bxb2 20. Qxb2 Nc5 21. Qb1 f5 22. Nd2 Nxe4 23. Nxe4 Bxe4 24. Rxe4 fxe4 25. Qxe4 Rc5 26. Bxe6+ Kg7 27. Qd4+ Qf6 28. Qxf6+ Kxf6 29. Bg4 Rd8 30. Be2 Re5 31. Bf1 Ke7 32. Kg2 Kd7 0-1

[Event "Korbach op 8th"]
[Site "Korbach"]
[Date "2016.10.23"]
[Round "6"]
[White "Schroeder, Kevin"]
[Black "De Mie, Mariska"]
[Result "1/2-1/2"]
[WhiteElo "2266"]
[BlackElo "2213"]
[PlyCount "69"]
[EventDate "2016.10.20"]
[EventType "swiss"]
[EventRounds "7"]
[EventCountry "GER"]
[SourceTitle "CBM 175 Extra"]
[Source "ChessBase"]
[SourceDate "2016.12.12"]
[SourceVersion "1"]
[SourceVersionDate "2016.12.12"]
[SourceQuality "1"]

1. d4 Nf6 2. c4 e5 3. dxe5 Ng4 4. Nf3 Bc5 5. e3 Nc6 6. Bd2 0-0 7. Bc3 Qe7 8. a3 a5 9. Nbd2 a4 10. Bd3 Ncxe5 11. Nxe5 Nxe5 12. Bxh7+ Kxh7 13. Qh5+ Kg8 14. Qxe5 Qxe5 15. Bxe5 Re8 16. Bxc7 d6 17. 0-0-0 Bg4 18. f3 Bf5 19. e4 Bg6 20. Nb1 f5 21. Nc3 fxe4 22. fxe4 Re6 23. Rhe1 Rc8 24. Ba5 b6 25. Bb4 Bxb4 26. axb4 Rxc4 27. Kb1 Rxb4 28. Ka2 Bxe4 29. Nxe4 Rbxe4 30. Rxe4 Rxe4 31. Rxd6 b5 32. h3 b4 33. g4 a3 34. bxa3 Re2+ 35. Ka1 1/2-1/2

[Event "NED-ch (Women)"]
[Site "Haaksbergen"]
[Date "2009.09.18"]
[Round "8"]
[White "Van Weersel, Arlette"]
[Black "De Mie, Mariska"]
[Result "1-0"]
[WhiteElo "2209"]
[BlackElo "2192"]
[PlyCount "67"]
[EventDate "2009.09.12"]
[EventType "tourn"]
[EventRounds "10"]
[EventCountry "NED"]
[SourceTitle "CBM 132 Extra"]
[Source "ChessBase"]
[SourceDate "2009.11.03"]
[SourceVersion "1"]
[SourceVersionDate "2009.11.03"]
[SourceQuality "1"]

1. e4 c5 2. c4 Nc6 3. Nf3 Nf6 4. Nc3 e6 5. Be2 d5 6. exd5 exd5 7. d4 Be6 8. Bg5 Be7 9. 0-0 cxd4 10. cxd5 Nxd5 11. Nxd5 Bxg5 12. Nxg5 Bxd5 13. f4 h6 14. Nf3 0-0 15. Bb5 Bxf3 16. Rxf3 Qf6 17. Qd3 Rfd8 18. a3 Ne7 19. Kh1 Nf5 20. Ba4 Ne3 21. Rg1 Rac8 22. g4 Qe6 23. h3 Qd5 24. Bd1 Rc1 25. Be2 Rc2 26. g5 hxg5 27. Rxg5 Qc6 28. Kg1 Re8 29. Rfg3 g6 30. Rxg6+ fxg6 31. Rxg6+ Kf7 32. Rxc6 bxc6 33. Bh5+ Ke7 34. Qe4+ 1-0

[Event "NED-ch (Women)"]
[Site "Hilversum"]
[Date "2006.??.??"]
[Round "1"]
[White "De Mie, Mariska"]
[Black "Muhren, Bianca"]
[Result "0-1"]
[WhiteElo "2153"]
[BlackElo "2241"]
[PlyCount "96"]
[EventDate "2006.06.17"]
[EventType "tourn"]
[EventRounds "9"]
[EventCountry "NED"]
[SourceTitle "EXT 2007"]
[Source "ChessBase"]
[SourceDate "2006.11.23"]
[SourceVersion "1"]
[SourceVersionDate "2006.11.23"]
[SourceQuality "1"]

1. e4 c5 2. Nf3 d6 3. d4 cxd4 4. Nxd4 Nf6 5. Nc3 a6 6. Be2 e6 7. f4 Be7 8. Bf3 0-0 9. g4 Nc6 10. g5 Nd7 11. h4 Re8 12. Be3 Nxd4 13. Qxd4 e5 14. Qd2 exf4 15. Bxf4 Ne5 16. Be2 Be6 17. Nd5 Bf8 18. h5 Rc8 19. 0-0-0 Bxd5 20. Qxd5 Qc7 21. c3 Qc5 22. Rhf1 Qxd5 23. Rxd5 g6 24. h6 Re6 25. Bd1 Be7 26. Bb3 Nc4 27. Rd4 b5 28. a4 Rc5 29. axb5 axb5 30. Rg1 Kf8 31. Kc2 f6 32. Rf1 Ke8 33. gxf6 Rxf6 34. Rdd1 g5 35. Bxc4 bxc4 36. Be3 Rxf1 37. Rxf1 Re5 38. Rg1 Kf7 39. Kd2 Kg6 40. Bd4 Rxe4 41. Bg7 g4 42. b4 cxb3 43. Kd3 d5 44. Rb1 g3 45. Rxb3 g2 46. Rb1 Bc5 47. Bd4 Bxd4 48. cxd4 Rg4 0-1

[Event "NED-ch (Women)"]
[Site "Hilversum"]
[Date "2006.??.??"]
[Round "5"]
[White "De Mie, Mariska"]
[Black "Peng, Zhaoqin"]
[Result "0-1"]
[WhiteElo "2153"]
[BlackElo "2407"]
[PlyCount "94"]
[EventDate "2006.06.17"]
[EventType "tourn"]
[EventRounds "9"]
[EventCountry "NED"]
[SourceTitle "EXT 2007"]
[Source "ChessBase"]
[SourceDate "2006.11.23"]
[SourceVersion "1"]
[SourceVersionDate "2006.11.23"]
[SourceQuality "1"]

1. e4 e6 2. d4 d5 3. Nd2 a6 4. Ngf3 Nf6 5. Bd3 c5 6. c3 Nc6 7. 0-0 cxd4 8. cxd4 Be7 9. Re1 dxe4 10. Nxe4 0-0 11. Nc3 b5 12. Bg5 Bb7 13. Rc1 Nb4 14. Bb1 Nbd5 15. Qd3 g6 16. Ne5 Nh5 17. Bxe7 Qxe7 18. Qd2 Nxc3 19. Rxc3 Rac8 20. Rh3 f5 21. Qh6 Bd5 22. Ra3 Qb4 23. Rd1 Rc7 24. Rxa6 Qxb2 25. Qe3 f4 26. Qa3 Qe2 27. Qd3 f3 28. gxf3 Qb2 29. Qa3 Qxa3 30. Rxa3 b4 31. Ra5 Nf4 32. Be4 Rfc8 33. Nd3 Ne2+ 34. Kg2 Bxe4 35. fxe4 Nxd4 36. Nxb4 Rc4 37. a3 Rf8 38. Ra7 Ne2 39. Rdd7 Nf4+ 40. Kg3 Nh5+ 41. Kg2 Rxe4 42. Rxh7 Re2 43. Nd3 Rd2 44. Ne1 Rfxf2+ 45. Kg1 Rfe2 46. Kf1 Rxh2 47. Kg1 Rhe2 0-1

[Event "NED-ch (Women)"]
[Site "Hilversum"]
[Date "2006.??.??"]
[Round "9"]
[White "De Mie, Mariska"]
[Black "Schuurman, Petra"]
[Result "1/2-1/2"]
[WhiteElo "2153"]
[BlackElo "2234"]
[PlyCount "39"]
[EventDate "2006.06.17"]
[EventType "tourn"]
[EventRounds "9"]
[EventCountry "NED"]
[SourceTitle "EXT 2007"]
[Source "ChessBase"]
[SourceDate "2006.11.23"]
[SourceVersion "1"]
[SourceVersionDate "2006.11.23"]
[SourceQuality "1"]

1. e4 c6 2. d4 d5 3. Nd2 dxe4 4. Nxe4 Bf5 5. Nc5 Nd7 6. Bd3 Bxd3 7. Nxd3 e6 8. Nf3 Bd6 9. 0-0 Ngf6 10. Qe2 0-0 11. Rd1 Qc7 12. c4 c5 13. dxc5 Nxc5 14. Nxc5 Bxc5 15. Bg5 Be7 16. Ne5 Rfd8 17. b3 Rxd1+ 18. Rxd1 Rd8 19. Rxd8+ Qxd8 20. g3 1/2-1/2

[Event "Hoogeveen Essent op"]
[Site "Hoogeveen"]
[Date "2001.10.18"]
[Round "7"]
[White "De Mie, Mariska"]
[Black "Naes, Flovin Tor"]
[Result "0-1"]
[WhiteElo "2161"]
[BlackElo "2223"]
[PlyCount "43"]
[EventDate "2001.10.12"]
[EventType "swiss"]
[EventRounds "9"]
[EventCountry "NED"]
[SourceTitle "CBM 084 Extra"]
[Source "ChessBase"]
[SourceDate "2001.10.26"]
[SourceVersion "1"]
[SourceVersionDate "2001.10.26"]
[SourceQuality "1"]

1. e4 e5 2. Nc3 Nc6 3. Bc4 Bc5 4. Qg4 g6 5. Nd5 d6 6. Qg3 Nd4 7. Nf3 Nxc2+ 8. Kd1 Nxa1 9. b4 Bb6 10. Nxe5 Bd4 11. Nxf7 Kxf7 12. Qd3 c5 13. bxc5 dxc5 14. Nb6+ Kg7 15. Nxa8 Bg4+ 16. f3 Bd7 17. e5 Nh6 18. e6 Ba4+ 19. Ke2 Qxa8 20. Qa3 b5 21. Bb2 Nc2 22. Qxc5 0-1

[Event "Hoogeveen Essent op"]
[Site "Hoogeveen"]
[Date "2001.10.15"]
[Round "4"]
[White "De Mie, Mariska"]
[Black "Cako, Laszlo"]
[Result "1/2-1/2"]
[WhiteElo "2161"]
[BlackElo "2131"]
[PlyCount "151"]
[EventDate "2001.10.12"]
[EventType "swiss"]
[EventRounds "9"]
[EventCountry "NED"]
[SourceTitle "CBM 084 Extra"]
[Source "ChessBase"]
[SourceDate "2001.10.26"]
[SourceVersion "1"]
[SourceVersionDate "2001.10.26"]
[SourceQuality "1"]

1. e4 e5 2. Nc3 Bc5 3. Bc4 Nf6 4. d3 d6 5. Na4 Bb6 6. Nxb6 axb6 7. f4 Nc6 8. Nf3 0-0 9. 0-0 Bg4 10. c3 d5 11. exd5 Nxd5 12. h3 Bxf3 13. Qxf3 Nxf4 14. b4 Qd7 15. g3 Ne6 16. Qg4 Ncd8 17. Bg5 b5 18. Bb3 Qxd3 19. Rf5 h5 20. Rd1 hxg4 21. Rxd3 Nxg5 22. Rxg5 Nc6 23. Rd7 gxh3 24. Rf5 Nd8 25. Rxc7 Ra6 26. Rxe5 Rc6 27. Ree7 g6 28. Kh2 Kg7 29. Kxh3 Kf6 30. Bd5 Rd6 31. Red7 Ke5 32. Bf3 Ra6 33. Rd2 Rb6 34. Rc8 Ne6 35. Re2+ Kf5 36. Bg4+ Kg5 37. Rxe6 Rxc8 38. Rxb6 Rh8+ 39. Kg2 Kxg4 40. Rxb7 f5 41. Rxb5 Rh3 42. Rc5 Rxg3+ 43. Kf2 Rh3 44. Kg2 Rd3 45. a4 Rd2+ 46. Kf1 Ra2 47. b5 Rxa4 48. b6 Kf3 49. Re5 Rh4 50. Ke1 Rh1+ 51. Kd2 Rb1 52. Re6 g5 53. Kc2 Rb5 54. c4 Rb4 55. Kc3 Rb1 56. c5 g4 57. Rd6 g3 58. Rd3+ Kf2 59. Rd2+ Kf1 60. Rb2 Rxb2 61. Kxb2 g2 62. b7 g1Q 63. b8Q Qxc5 64. Qb3 Qd4+ 65. Kc1 f4 66. Qh3+ Kf2 67. Qh4+ Ke2 68. Qg4+ Ke1 69. Qh4+ Qf2 70. Qh1+ Qf1 71. Qe4+ Kf2+ 72. Kd2 Kg1 73. Qf5 f3 74. Ke3 Qf2+ 75. Kf4 Qe2 76. Qg4+ 1/2-1/2

[Event "Hoogeveen Essent op"]
[Site "Hoogeveen"]
[Date "2001.10.12"]
[Round "1"]
[White "Mulyar, Michael A"]
[Black "De Mie, Mariska"]
[Result "1/2-1/2"]
[WhiteElo "2428"]
[BlackElo "2161"]
[PlyCount "27"]
[EventDate "2001.10.12"]
[EventType "swiss"]
[EventRounds "9"]
[EventCountry "NED"]
[SourceTitle "CBM 084 Extra"]
[Source "ChessBase"]
[SourceDate "2001.10.26"]
[SourceVersion "1"]
[SourceVersionDate "2001.10.26"]
[SourceQuality "1"]

1. e4 c5 2. Nf3 Nf6 3. Nc3 Nc6 4. d4 d5 5. exd5 Nxd5 6. Bc4 Nxc3 7. bxc3 e6 8. 0-0 Be7 9. Be3 Qa5 10. Qd3 0-0 11. a4 Rd8 12. Rfb1 Qc7 13. Bb5 Na5 14. Qf1 1/2-1/2

[Event "BL 0001 (Women)"]
[Site "Germany"]
[Date "2001.??.??"]
[Round "6.5"]
[White "De Mie, Mariska"]
[Black "Daemering, Katrin"]
[Result "0-1"]
[WhiteElo "2168"]
[BlackElo "2181"]
[PlyCount "74"]
[EventDate "2000.10.??"]
[EventType "team-tourn"]
[EventRounds "11"]
[EventCountry "GER"]
[SourceTitle "CBM 082 Extra"]
[Source "ChessBase"]
[SourceDate "2001.07.03"]
[SourceVersion "1"]
[SourceVersionDate "2001.07.03"]
[SourceQuality "1"]
[WhiteTeam "Heiligenhaus (W)"]
[BlackTeam "Leipzig VGG (W)"]
[WhiteTeamCountry "GER"]
[BlackTeamCountry "GER"]

1. e4 Nf6 2. Nc3 d6 3. d4 g6 4. g3 Bg7 5. Bg2 0-0 6. Nge2 e5 7. h3 Nc6 8. Be3 exd4 9. Nxd4 Ne5 10. b3 Re8 11. 0-0 a6 12. a4 Ned7 13. Qd2 Nc5 14. Rae1 Bd7 15. Bg5 Qc8 16. Kh2 Be6 17. f4 Nh5 18. f5 Bd7 19. f6 h6 20. Bh4 Bf8 21. Nd5 Re5 22. Qd1 Qd8 23. Ne7+ Bxe7 24. fxe7 Qe8 25. g4 g5 26. gxh5 gxh4 27. Nf5 Bxf5 28. Rxf5 Qxe7 29. Qg4+ Kh7 30. Qf4 Rf8 31. Rf6 Rg5 32. Rf1 Qe5 33. Qxe5 dxe5 34. Rxf7+ Rxf7 35. Rxf7+ Rg7 36. Rf5 Nd7 37. Bf3 Re7 0-1

[Event "BL 0001 (Women)"]
[Site "Germany"]
[Date "2001.??.??"]
[Round "11.5"]
[White "De Mie, Mariska"]
[Black "Kube, Hannelore"]
[Result "1-0"]
[WhiteElo "2168"]
[BlackElo "2052"]
[PlyCount "55"]
[EventDate "2000.10.??"]
[EventType "team-tourn"]
[EventRounds "11"]
[EventCountry "GER"]
[SourceTitle "CBM 082 Extra"]
[Source "ChessBase"]
[SourceDate "2001.07.03"]
[SourceVersion "1"]
[SourceVersionDate "2001.07.03"]
[SourceQuality "1"]
[WhiteTeam "Heiligenhaus (W)"]
[BlackTeam "Zeulenroda (W)"]
[WhiteTeamCountry "GER"]
[BlackTeamCountry "GER"]

1. e4 e5 2. Nf3 Nf6 3. Nxe5 d6 4. Nf3 Nxe4 5. d4 d5 6. Bd3 Nf6 7. Bg5 Be7 8. 0-0 Be6 9. Re1 Nc6 10. c3 h6 11. Bh4 g5 12. Bg3 Nh5 13. Rxe6 Nxg3 14. Rxe7+ Nxe7 15. hxg3 Qd6 16. Ne5 Rf8 17. Qh5 Qf6 18. Nd2 0-0-0 19. b4 Kb8 20. Qg4 Qd6 21. Qh5 Qf6 22. Nb3 Ng6 23. Bxg6 fxg6 24. Qe2 h5 25. Nc5 Qf5 26. Qb5 Qxf2+ 27. Kh2 b6 28. Qa6 1-0

[Event "BL 0001 (Women)"]
[Site "Germany"]
[Date "2001.??.??"]
[Round "9.5"]
[White "Lallemand, Roza"]
[Black "De Mie, Mariska"]
[Result "1-0"]
[WhiteElo "2289"]
[BlackElo "2168"]
[PlyCount "67"]
[EventDate "2000.10.??"]
[EventType "team-tourn"]
[EventRounds "11"]
[EventCountry "GER"]
[SourceTitle "CBM 082 Extra"]
[Source "ChessBase"]
[SourceDate "2001.07.03"]
[SourceVersion "1"]
[SourceVersionDate "2001.07.03"]
[SourceQuality "1"]
[WhiteTeam "Krefeld Turm (W)"]
[BlackTeam "Heiligenhaus (W)"]
[WhiteTeamCountry "GER"]
[BlackTeamCountry "GER"]

1. e4 e6 2. d4 d5 3. Nc3 Nf6 4. e5 Nfd7 5. f4 c5 6. Nf3 a6 7. Be3 Qb6 8. Na4 Qa5+ 9. c3 cxd4 10. b4 Qc7 11. Qxd4 Nc6 12. Qd2 b5 13. Nb2 f6 14. exf6 Nxf6 15. Bd3 Bd6 16. 0-0 0-0 17. a4 Rb8 18. axb5 axb5 19. Qe2 g6 20. Bxb5 Ng4 21. Bxc6 Nxe3 22. Qxe3 Bxf4 23. Qd4 Qxc6 24. Nd3 Qb6 25. Nc5 Bd6 26. Ne5 Rxf1+ 27. Rxf1 Qc7 28. Ng4 Qg7 29. Qe3 Bxc5 30. bxc5 Rb7 31. Nf6+ Kh8 32. Ne8 Qe7 33. Qe5+ Kg8 34. Nf6+ 1-0